| 000 | 00577nam a2200181Ia 4500 | ||
|---|---|---|---|
| 003 | GCL | ||
| 008 | 140319s9999 xx 000 0 ara d | ||
| 040 |
_aGCL / _cGCL |
||
| 082 | 0 | 4 |
_a342.06 _bم ق |
| 100 | 1 | _aمحمد عبدالعال السنارى | |
| 245 | 1 | 0 |
_aالقرارات الادارية فى المملكة العربية السعودية / _cمحمد عبدالعال السنارى |
| 300 | _a411 ص | ||
| 490 | _a | ||
| 650 | 0 | 4 | _aالقانون |
| 650 | 0 | 4 | _aالقانون الادارى |
| 650 | 0 | 4 | _aالقرارات الادارية |
| 942 |
_2ddc _cBK |
||
| 999 |
_c41652 _d41652 |
||